Lincoln City 2025/26 Squad - Statistics

General Stats
  • This quiz has been taken 22 times
  • The average score is 21 of 27
Answer Stats
Squad No. Nationality Player % Correct
14. Scotland Conor McGrandles
100%
1. England George Wickens
100%
10. Republic of Ireland Jack Moylan
100%
7. Saint Lucia Reeco Hackett
100%
2. Zimbabwe Tendayi Darikwa
100%
3. England Adam Reach
93%
24. Ukraine Ivan Varfolomeev
93%
9. Republic of Ireland James Collins
93%
17. England Rob Street
93%
6. England Ryley Towler
93%
12. Sweden Erik Ring
86%
20. Trinidad and Tobago Justin Obikwu
86%
4. Netherlands Lewis Montsma
86%
8. England Tom Bayliss
86%
22. England Tom Hamer
86%
18. Scotland Ben House
79%
15. England Sonny Bradley
79%
5. England Adam Jackson
71%
34. England Freddie Draper
71%
13. England Zach Jeacock
71%
16. Wales Dom Jeffries
64%
19. England Francis Okoronkwo
57%
Currently Unnumbered Republic of Ireland Josh Honohan
57%
23. Jamaica Dexter Lembikisa
50%
11. England Oscar Thorn
50%
25. England Finley Barbrook
36%
37. England Gbolahan Okewoye
7%
No matching quizzes found
Score Distribution
Percent of People with Each Score
Percentile by Number Answered
Your Score History
You have not taken this quiz